000 00359nam a2200145 i 4500
001 bg
100 1 _aBARTOSIEWICZ, Józef
245 0 _aObróbka i montaż części maszyn :
_bporadnik /
_cJózef Bartosiewicz.
260 _aWarszawa,
_c1985.
040 _cBPK
041 _apol
080 _a621
942 _cKS
008 s pl f |000 0 pol
999 _c28448
_d28448
856 _uhttp://koha.tu.koszalin.pl/cgi-bin/koha/opac-detail.pl?biblionumber=28448
_yKatalog online BPK